000 00969nam a2200301 i 4500
001 C2-0175123
003 PPAK
005 20240418121905.0
008 980929t19931993my f 0 dmay d
020 _a9836238166
_qpaperback
040 _aPPAK
_beng
_cPPAK
_erda
082 0 4 _a899.2309
_223
090 0 0 _a899.2309
_bKON
_dKMI
090 2 0 _a899.2309
_bKON
_dKSA
090 2 0 _a899.2309
_bKON
_dKHB
245 0 0 _aKonsep WIRA dalam Sastera Melayu /
_cDiselenggarakan oleh Siti Aisah Murad
264 1 _aKuala Lumpur :
_bDewan Bahasa dan Pustaka,
_c1993
264 4 _c©1993
300 _axiv, 235 pages ;
_c22 cm
336 _2rdacontent
_atext
337 _2rdamedia
_aunmediated
338 _2rdacarrier
_avolume
504 _aIncludes bibliographical references and index.
650 1 0 _aMalay literature
_vHistory and critism
650 2 0 _aHeroes in literature
700 0 _aSiti Aisah Murad,
_d1957-
_ecompiler.
942 _cB
_2ddc
999 _c155437
_d155437